Mastering Crystal reports 9 / (Record no. 426)

MARC details
000 -LEADER
fixed length control field 00563cac a22001811u 4500
008 - FIXED-LENGTH DATA ELEMENTS--GENERAL INFORMATION
fixed length control field 081117t 2003xxu||||| |||| 00| 0 eng d
010 ## - LIBRARY OF CONGRESS CONTROL NUMBER
LC control number 2002114456
020 ## - INTERNATIONAL STANDARD BOOK NUMBER
International Standard Book Number 0782141730
035 ## - SYSTEM CONTROL NUMBER
System control number (DLC) 2002114456
082 00 - DEWEY DECIMAL CLASSIFICATION NUMBER
Classification number 651.78028557585
Item number MCC
Edition number 22
100 ## - MAIN ENTRY--PERSONAL NAME
Personal name McCoy, Cate.
9 (RLIN) 33357
245 10 - TITLE STATEMENT
Title Mastering Crystal reports 9 /
Statement of responsibility, etc Cate McCoy, Gord Maric.
246 3# - VARYING FORM OF TITLE
Title proper/short title Crystal reports 9
260 ## - PUBLICATION, DISTRIBUTION, ETC. (IMPRINT)
Place of publication, distribution, etc San Francisco :
Name of publisher, distributor, etc Sybex,
Date of publication, distribution, etc 2003.
300 ## - PHYSICAL DESCRIPTION
Extent xxix, 639 p. :
Other physical details ill. ;
Dimensions 23 cm.
500 ## - GENERAL NOTE
General note Includes index.
942 ## - ADDED ENTRY ELEMENTS (KOHA)
Item type Book - Borrowing
Call number prefix 651.78028557585MCC
Source of classification or shelving scheme Dewey Decimal Classification
Holdings
Withdrawn status Item status Source of classification or shelving scheme Damaged status Not for loan Home library Current library Shelving location Date acquired Source of acquisition Total Checkouts Full call number Barcode Date last seen Koha item type
    Dewey Decimal Classification     Central Library Central Library First floor 06/04/2013 Purchase 1 651.78028557585 MCC 000004199 15/07/2025 Book - Borrowing